[Event "Schleswig Holstein-ch U14 VM"]
[Site "Neumuenster"]
[Date "2008.03.25"]
[Round "3"]
[White "Steffen, Sebastian"]
[Black "Ananjew, Alexander"]
[Result "0-1"]
[WhiteElo "918"]
[BlackElo "819"]
[PlyCount "66"]
[EventDate "2008.03.24"]
[EventType "swiss"]
[EventRounds "9"]
[EventCountry "GER"]
[SourceTitle "EXT 2009"]
[Source "ChessBase"]
[SourceDate "2008.11.26"]
[SourceVersion "1"]
[SourceVersionDate "2008.11.26"]
[SourceQuality "1"]

1. e4 c5 2. Nf3 Nc6 3. Bc4 d6 4. Ng5 e6 5. d3 Be7 6. Nf3 Nf6 7. Nc3 0-0 8. Be3 Qc7 9. d4 cxd4 10. Nxd4 Nxd4 11. Qxd4 Qc5 12. e5 Qxe5 13. Qxe5 dxe5 14. 0-0-0 a6 15. Rhe1 Ng4 16. h3 Nxe3 17. fxe3 Rd8 18. Rxd8+ Bxd8 19. Rd1 Bg5 20. Kb1 b5 21. h4 Bxh4 22. g3 Bg5 23. Bb3 Bb7 24. Re1 Rd8 25. a3 Bd5 26. Nxd5 exd5 27. Rd1 d4 28. exd4 Rxd4 29. Rf1 Bf6 30. c3 Rg4 31. c4 bxc4 32. Rc1 Rxg3 33. Rxc4 g6 0-1